Normal view
MARC view
- The Superheterodyne receiver
Entry Topical Term
001 - CONTROL NUMBER
- control field: 105455
003 - CONTROL NUMBER IDENTIFIER
- control field: NUST
005 - DATE AND TIME OF LATEST TRANSACTION
- control field: 20221221104408.0
008 - FIXED-LENGTH DATA ELEMENTS
- fixed length control field: 221221|| aca||aabn | a|a d
040 ## - CATALOGING SOURCE
- Original cataloging agency: NUST
- Transcribing agency: NUST
150 ## - HEADING--TOPICAL TERM
- Topical term or geographic name entry element: The Superheterodyne receiver
670 ## - SOURCE DATA FOUND
- Source citation: Work cat.: (NUST)183715: Alfred T Witts 105454, The Superheterodyne receiver /, 1944
